000 00669nam a22002417a 4500
003 UA-OsUOA
001 31106
007 ta
008 20041202b un ||||| |||| 00| 0 ukr d
100 _aЛейпунская Н. А.
090 _a902
_bЛ-33
942 _cBK
040 _aUA-OsUOA
_brus
_cUA-OsUOA
_dUA-OsUOA
245 _aКерамическая тара из Ольвии
_b(из опыта изучения амфор XV-IV вв. до н. э.)
300 _a120 с.
_bІлюстрації
955 _a0
041 _arus
080 _a902
260 _aКиев
_bНаукова думка
_c1981
044 _aUA
650 7 _2UDC
999 _c317527
_d317527